Kancelária Slovníka jazyka slovenského

Bibliographic Details
Format: Article
Language:Slovak
Subjects:

MARC

LEADER 00000nab a2200000 a 4500
001 vtls009156924
003 SK-MaSNL
005 20260426085041.0
008 250506c1940 xo |r|p|||||||000 b|slo
015 |a SNBRB2007/11  |2 snkbucl 
035 |a (uuid)861c324b-2334-4e74-9590-e25072ebe50d 
035 |a urn:nbn:sk:snk-ab1dqb 
035 |a (urnnbn)urn:nbn:sk:snk:ar-002tfi 
038 |a SNKBUCL 
040 |a SNKBUCL  |b slo  |c SNKBUCL  |e AACR2 
041 0 |a slo 
044 |a xo  |c SK 
080 |a 811.162.4`374  |2 2001 
080 |a 81`374:811.162.4  |2 2001 
080 |a 061.22  |x (437.6)  |2 2001 
245 0 0 |a Kancelária Slovníka jazyka slovenského 
610 2 7 |a Matica slovenská.  |b Kancelária Slovníka jazyka slovenského  |2 snkbucl  |9 225793 
630 0 7 |a Slovník jazyka slovenského  |2 snkbucl  |9 1475760 
648 7 |a 1940  |2 snkbucl  |9 308835 
650 0 7 |a slovenčina  |2 snkbucl  |9 1350 
651 7 |a Martin (Slovensko)  |2 snkbucl  |9 16875 
773 0 |t Slovenská reč  |g Roč. VIII, č. 1 (1940/1941), s. 30 
850 |a Slovenská národná knižnica 
852 |a Slovenská národná knižnica 
954 |a odborná, vedecká literatúra pôvodná (slovenská)  |2 lita 
958 |a article27 
958 |a SK 
958 |a OND 
958 |a EUIPO 
999 |c 2952046  |d 2953976